000
00289nam a22001337a 4500
008
171005b xxu||||| |||| 00| 0 eng d
020
_a
9780674543270
041
_a
eng
080
_a
159.9
100
_a
49
101
_a
PSI
245
_a
THE MAKING OF MIND
_c
LURIA.A.R
942
_2
udc
_c
BK
999
_c
32071
_d
32071